000 00659nam a2200193 4500
001 4308
005 20181127173122.0
020 0 0 _a9784893586261
090 0 0 _a495.68342 K479e 2007
100 0 0 _aKikin, Kokusai Kōryū.
245 0 0 _aErin ga chōsen! Nihongo dekimasu /
_b
_cKokusai Kōryū Kikin.
_h
260 0 0 _aTōkyō :
_bBonjinsha,
_c2007.
300 0 0 _avarious paging.
500 _aCD Available to Accompany Text.
500 0 0 _aIn Japanese.
650 0 0 _aJapanese language --Study and teaching.
_x
650 0 0 _aJapanese language --Textbooks for foreign speakers.
_x
650 0 0 _aNihongo kyōiku(Tai gaikokujin).
_x
999 _c3557
_d3557